Normal view
MARC view
Entry Personal Name
001 - CONTROL NUMBER
- control field: 74974
003 - CONTROL NUMBER IDENTIFIER
- control field: dpl
005 - DATE AND TIME OF LATEST TRANSACTION
- control field: 20241211142857.0
008 - FIXED-LENGTH DATA ELEMENTS
- fixed length control field: 241211|| aca||aabn | a|a d
040 ## - CATALOGING SOURCE
- Original cataloging agency: dpl
- Transcribing agency: dpl
100 ## - HEADING--PERSONAL NAME
- Personal name: Nag, Biswajit
670 ## - SOURCE DATA FOUND
- Source citation: Work cat.: (dpl)207579: Datt, Gaurav 74973, Datt & Sundharam's Indian Economy/, 2024
